[Event "FRA-chT2 0910"]
[Site "France"]
[Date "2010.01.24"]
[Round "7.8"]
[White "Maillot, Fabien"]
[Black "Mousset Evtouchenko, Nina"]
[Result "1-0"]
[WhiteElo "2058"]
[BlackElo "1740"]
[PlyCount "73"]
[EventDate "2009.09.27"]
[EventType "team-tourn"]
[EventRounds "11"]
[EventCountry "FRA"]
[SourceTitle "EXT 2011"]
[Source "ChessBase"]
[SourceDate "2010.11.26"]
[SourceVersion "1"]
[SourceVersionDate "2010.11.26"]
[SourceQuality "1"]

1. Nf3 d5 2. d4 Nf6 3. c4 c6 4. e3 Bf5 5. Nc3 e6 6. Nh4 dxc4 7. Nxf5 exf5 8. Bxc4 b5 9. Be2 b4 10. Na4 Qa5 11. 0-0 Bd6 12. a3 Qc7 13. h3 Ne4 14. Bd2 a5 15. Nc5 Nxd2 16. Qxd2 bxa3 17. Rxa3 0-0 18. Rfa1 Rd8 19. Rxa5 Rxa5 20. Qxa5 Qe7 21. Nb7 Bc7 22. Qxf5 g6 23. Qc5 Bh2+ 24. Kxh2 Qxb7 25. Qc3 Nd7 26. Bf3 Rc8 27. Rc1 Qb8+ 28. g3 c5 29. Bg4 f5 30. Be2 h5 31. Bc4+ Kh7 32. Be6 Qb7 33. Bxd7 Qxd7 34. dxc5 Qd5 35. Qd4 Qb7 36. b4 Qc7 37. Rd1 1-0

[Event "FRA-chT2 West 0809"]
[Site "France"]
[Date "2009.03.14"]
[Round "8.5"]
[White "Maillot, Fabien"]
[Black "Lemeaux, David"]
[Result "1-0"]
[WhiteElo "2030"]
[BlackElo "2199"]
[PlyCount "109"]
[EventDate "2008.10.19"]
[EventType "team-tourn"]
[EventRounds "11"]
[EventCountry "FRA"]
[SourceTitle "EXT 2010"]
[Source "ChessBase"]
[SourceDate "2010.11.25"]
[SourceVersion "1"]
[SourceVersionDate "2010.11.25"]
[SourceQuality "1"]
[WhiteTeam "Stade Francais Jeen"]
[BlackTeam "Echiquier Bordelais"]
[WhiteTeamCountry "FRA"]
[BlackTeamCountry "FRA"]

1. b3 e5 2. Bb2 d6 3. e3 Nf6 4. c4 Be7 5. Nc3 0-0 6. Nf3 Nbd7 7. d4 exd4 8. exd4 d5 9. Bd3 Re8 10. 0-0 Nf8 11. Ne5 Be6 12. Re1 dxc4 13. bxc4 c6 14. Qd2 Qa5 15. Rad1 Rad8 16. Nd5 Qxd2 17. Nxe7+ Rxe7 18. Rxd2 N6d7 19. Nf3 Nb6 20. Rde2 Rc7 21. Rc2 f6 22. Bf1 Bg4 23. Nd2 Ne6 24. Nb3 Bf5 25. Rd2 Rcd7 26. Red1 Kf7 27. f3 h5 28. Kf2 h4 29. Na5 Nc8 30. Bc3 Ne7 31. Nb3 b6 32. Nc1 Nf4 33. Ne2 Nfg6 34. a3 Be6 35. Nc1 Nf5 36. Nb3 Nd6 37. d5 cxd5 38. cxd5 Bf5 39. Nd4 Ne7 40. Nc6 Rc8 41. Ba6 Rcc7 42. Bb4 g5 43. Rc1 Nec8 44. a4 Kg6 45. Re1 Kh6 46. Nd4 Bg6 47. Re6 Kg7 48. Nb5 Nc4 49. Rde2 Bf7 50. Nxc7 Rxc7 51. Rc6 Rxc6 52. dxc6 N8d6 53. Bxd6 Nxd6 54. c7 Kf8 55. Rd2 1-0

[Event "FRA-chT2 West 0809"]
[Site "France"]
[Date "2009.01.18"]
[Round "6.6"]
[White "Maillot, Fabien"]
[Black "Guyard, Jean Marie"]
[Result "1-0"]
[WhiteElo "2030"]
[BlackElo "1887"]
[PlyCount "101"]
[EventDate "2008.10.19"]
[EventType "team-tourn"]
[EventRounds "11"]
[EventCountry "FRA"]
[SourceTitle "EXT 2010"]
[Source "ChessBase"]
[SourceDate "2010.11.25"]
[SourceVersion "1"]
[SourceVersionDate "2010.11.25"]
[SourceQuality "1"]
[WhiteTeam "Stade Francais Jeen"]
[BlackTeam "Agneaux Saint Lo"]
[WhiteTeamCountry "FRA"]
[BlackTeamCountry "FRA"]

1. c4 e5 2. Nc3 d6 3. d4 exd4 4. Qxd4 Nc6 5. Qd2 Nf6 6. b3 g6 7. Bb2 Bg7 8. g3 0-0 9. Bg2 Re8 10. Nh3 Ne5 11. 0-0 Bd7 12. Nf4 Bc6 13. Ncd5 Nxd5 14. Nxd5 Bxd5 15. cxd5 Qe7 16. Rac1 Rac8 17. Rc2 c5 18. dxc6 bxc6 19. Bxe5 dxe5 20. Bxc6 Red8 21. Qc1 Qd6 22. Bb5 Rxc2 23. Qxc2 Bf6 24. Bc4 Kg7 25. a4 Qd2 26. Rc1 a5 27. Bd3 Qxc2 28. Rxc2 Be7 29. Rc7 Bb4 30. Bc4 Rf8 31. Kg2 h6 32. Kf3 Kf6 33. Ke4 Bd6 34. Ra7 Bb4 35. Ra6+ Kg7 36. Kxe5 Re8+ 37. Kf4 Re7 38. Kf3 Kf8 39. g4 Kg7 40. h4 Rd7 41. Kg2 Re7 42. Rb6 Rd7 43. Rb5 Re7 44. Rd5 Re4 45. f3 Re7 46. f4 Re4 47. Kf3 Re7 48. h5 Rc7 49. hxg6 Kxg6 50. e4 Re7 51. e5 1-0

[Event "FRA-chT2 West 0809"]
[Site "France"]
[Date "2009.01.17"]
[Round "5.6"]
[White "Le Montagner, Yoann"]
[Black "Maillot, Fabien"]
[Result "1/2-1/2"]
[WhiteElo "1979"]
[BlackElo "2030"]
[PlyCount "139"]
[EventDate "2008.10.19"]
[EventType "team-tourn"]
[EventRounds "11"]
[EventCountry "FRA"]
[SourceTitle "EXT 2010"]
[Source "ChessBase"]
[SourceDate "2010.11.25"]
[SourceVersion "1"]
[SourceVersionDate "2010.11.25"]
[SourceQuality "1"]
[WhiteTeam "Rennes Paul Bert"]
[BlackTeam "Stade Francais Jeen"]
[WhiteTeamCountry "FRA"]
[BlackTeamCountry "FRA"]

1. e4 Nc6 2. Nf3 d6 3. d4 Bg4 4. Bb5 a6 5. Ba4 b5 6. Bb3 Nf6 7. Be3 e6 8. d5 exd5 9. Bxd5 Qd7 10. Nbd2 Be7 11. c4 Rb8 12. 0-0 0-0 13. cxb5 Nxd5 14. exd5 Nb4 15. Ne4 Bxf3 16. gxf3 f5 17. Nc3 f4 18. Bd4 Qh3 19. Qe2 Rf5 20. Qxe7 Rf7 21. Qe4 Rf5 22. Qe6+ Kh8 23. Ne4 Rbf8 24. Ng3 fxg3 25. fxg3 axb5 26. Rae1 Nxd5 27. Qd7 Nf6 28. Bxf6 gxf6 29. Re8 Rxe8 30. Qxe8+ Kg7 31. Qe7+ Kg6 32. Qxc7 Rd5 33. Qc2+ Qf5 34. Rc1 Rd3 35. Rd1 Rxf3 36. Qxf5+ Rxf5 37. Rxd6 h5 38. Kg2 Kg5 39. a3 Rc5 40. Rd2 Kf5 41. Kf3 Ke5 42. h3 Rc1 43. g4 hxg4+ 44. Kxg4 f5+ 45. Kf3 f4 46. Rg2 Rf1+ 47. Ke2 Rh1 48. Rg5+ Ke4 49. Rxb5 Rh2+ 50. Kf1 Rxh3 51. Rb4+ Kf5 52. Kg2 Rd3 53. Rb8 Kg4 54. Rg8+ Kf5 55. Rb8 Kg4 56. a4 Rd2+ 57. Kg1 Kg3 58. Rg8+ Kf3 59. b4 Rd1+ 60. Kh2 Rd2+ 61. Kh1 Rd1+ 62. Kh2 Kf2 63. a5 f3 64. Rg6 Rd4 65. Kh3 Rxb4 66. a6 Ra4 67. Rf6 Ke2 68. Kg3 Ra3 69. a7 Rxa7 70. Re6+ 1/2-1/2

[Event "FRA-chT2 Nord 0708"]
[Site "France"]
[Date "2007.12.16"]
[Round "4.6"]
[White "Maillot, Fabien"]
[Black "Houdayer, Jerome"]
[Result "1-0"]
[WhiteElo "2038"]
[BlackElo "1920"]
[PlyCount "63"]
[EventDate "2007.10.21"]
[EventType "team"]
[EventRounds "11"]
[EventCountry "FRA"]
[SourceTitle "EXT 2009"]
[Source "ChessBase"]
[SourceDate "2008.11.26"]
[SourceVersion "1"]
[SourceVersionDate "2008.11.26"]
[SourceQuality "1"]
[WhiteTeam "JEEN"]
[BlackTeam "Arcueil"]
[WhiteTeamCountry "FRA"]
[BlackTeamCountry "FRA"]

1. c4 e5 2. Nc3 b6 3. Nf3 Nc6 4. e3 Bb7 5. d4 exd4 6. exd4 Bb4 7. d5 Nce7 8. Bg5 Bxc3+ 9. bxc3 f6 10. Bf4 Ng6 11. Bg3 N8e7 12. Bd3 0-0 13. 0-0 f5 14. Re1 f4 15. Bh4 Nxh4 16. Nxh4 Nxd5 17. Bxh7+ Kxh7 18. Qh5+ Kg8 19. cxd5 Qf6 20. Re5 Bxd5 21. Rxd5 Qxc3 22. Rad1 Rae8 23. Nf3 d6 24. h4 Qc2 25. R5d3 Re6 26. Qd5 Rfe8 27. Nd4 Qc5 28. Nxe6 Qxd5 29. Rxd5 Rxe6 30. Rc1 Re2 31. Rxc7 Rxa2 32. Kf1 1-0

[Event "FRA-chT2 Nord 0708"]
[Site "France"]
[Date "2007.11.24"]
[Round "2.7"]
[White "Maillot, Fabien"]
[Black "Mascla, Jean"]
[Result "0-1"]
[WhiteElo "2038"]
[BlackElo "2162"]
[PlyCount "72"]
[EventDate "2007.10.21"]
[EventType "team"]
[EventRounds "11"]
[EventCountry "FRA"]
[SourceTitle "EXT 2009"]
[Source "ChessBase"]
[SourceDate "2008.11.26"]
[SourceVersion "1"]
[SourceVersionDate "2008.11.26"]
[SourceQuality "1"]
[WhiteTeam "JEEN"]
[BlackTeam "Rueil Malmaison"]
[WhiteTeamCountry "FRA"]
[BlackTeamCountry "FRA"]

1. e4 e6 2. d4 d5 3. e5 c5 4. c3 Nc6 5. Nf3 Qb6 6. a3 Bd7 7. b4 cxb4 8. cxb4 Nge7 9. Bb2 Nf5 10. g4 Nh6 11. h3 f6 12. Bd3 Be7 13. 0-0 Nf7 14. Nbd2 h5 15. Nb3 hxg4 16. hxg4 0-0-0 17. Qd2 a6 18. Rfc1 Kb8 19. Nc5 Bc8 20. Rab1 fxe5 21. dxe5 d4 22. Qf4 Rhf8 23. Qe4 Ng5 24. Nxg5 Bxg5 25. Nxa6+ Ka7 26. b5 Rf4 27. Qe2 Ne7 28. Rc7 Nd5 29. Rxg7 Bh4 30. f3 Nc3 31. Qh2 Rxf3 32. Qxh4 Rxd3 33. Re1 Rd2 34. Bc1 d3+ 35. Kh1 Re2 36. Re7 Qd4 0-1